The grid: core technologies (Record no. 6129)
[ view plain ]
| 000 -LEADER | |
|---|---|
| fixed length control field | 00844 a2200205 4500 |
| 020 ## - INTERNATIONAL STANDARD BOOK NUMBER | |
| International Standard Book Number | 0470094176 |
| 040 ## - CATALOGING SOURCE | |
| Original cataloging agency | DLC |
| Language of cataloging | DLC |
| 082 00 - DEWEY DECIMAL CLASSIFICATION NUMBER | |
| Classification number | 005.36 |
| 100 1# - MAIN ENTRY--PERSONAL NAME | |
| Personal name | Li, Maozhen. |
| 245 14 - TITLE STATEMENT | |
| Title | The grid: core technologies |
| Remainder of title | core technologies |
| Statement of responsibility, etc. | Maozhen Li, Mark Baker. |
| 260 ## - PUBLICATION, DISTRIBUTION, ETC. | |
| Place of publication, distribution, etc. | Hoboken, NJ : |
| Name of publisher, distributor, etc. | Wiley, |
| Date of publication, distribution, etc. | c2005. |
| 300 ## - PHYSICAL DESCRIPTION | |
| Extent | xxviii, 423 p. : |
| Other physical details | ill. ; |
| Dimensions | 25 cm. |
| 650 #0 - SUBJECT ADDED ENTRY--TOPICAL TERM | |
| Topical term or geographic name entry element | Computational grids (Computer systems) |
| 650 #0 - SUBJECT ADDED ENTRY--TOPICAL TERM | |
| Topical term or geographic name entry element | Electronic data processing |
| General subdivision | Distributed processing. |
| 700 1# - ADDED ENTRY--PERSONAL NAME | |
| Personal name | Baker, Mark. |
| 856 41 - ELECTRONIC LOCATION AND ACCESS | |
| Materials specified | Table of contents only |
| Uniform Resource Identifier | <a href="http://www.loc.gov/catdir/toc/ecip057/2005002378.html">http://www.loc.gov/catdir/toc/ecip057/2005002378.html</a> |
| 856 41 - ELECTRONIC LOCATION AND ACCESS | |
| Materials specified | Contributor biographical information |
| Uniform Resource Identifier | <a href="http://www.loc.gov/catdir/enhancements/fy0621/2005002378-b.html">http://www.loc.gov/catdir/enhancements/fy0621/2005002378-b.html</a> |
| 856 41 - ELECTRONIC LOCATION AND ACCESS | |
| Materials specified | Publisher description |
| Uniform Resource Identifier | <a href="http://www.loc.gov/catdir/enhancements/fy0621/2005002378-d.html">http://www.loc.gov/catdir/enhancements/fy0621/2005002378-d.html</a> |
| 942 ## - ADDED ENTRY ELEMENTS (KOHA) | |
| Koha item type | Book |
| Call number prefix | 005.36 LIM |
| Source of classification or shelving scheme | |
| Withdrawn status | Lost status | Damaged status | Not for loan | Collection code | Permanent Location | Current Location | Shelving location | Date acquired | Source of acquisition | Cost, normal purchase price | Total Checkouts | Full call number | Barcode | Date last seen | Date last checked out | Price effective from | Koha item type |
|---|---|---|---|---|---|---|---|---|---|---|---|---|---|---|---|---|---|
| Central Library (CL) | Central Library (CL) | First Floor - Software Engineering/ Programming Language | 02/04/2006 | A & J Def Tek Concultants | 5585.88 | 1 | 005.36 LIM | SEECS006892 | 02/12/2019 | 12/11/2018 | 01/05/2017 | Book | |||||
| Central Library (CL) | Central Library (CL) | First Floor - Software Engineering/ Programming Language | 06/15/2005 | A&J Def Tek Consultant | 6093.45 | 005.36 LIM | SEECS005910 | 11/14/2012 | 01/05/2017 | Book |
